| 000 | 00611nam a2200253Ia 4500 | ||
|---|---|---|---|
| 003 | LK-CoDNM | ||
| 005 | 20240729124852.0 | ||
| 008 | 010623t1907 xxu||||| |||| 00| 1 eng d | ||
| 040 |
_aLK-CoDNM _dLK-CoDNM _eLK-CoDNM |
||
| 041 | _aeng | ||
| 080 |
_a14 _bS1 |
||
| 100 | _aWilliams,Leonard. | ||
| 245 | _aThe Arts and Crafts of older Spain | ||
| 260 |
_bT.N.Foulis _aLondon _c1907 |
||
| 300 | _bxiii, 289p. : ill ; 19 cm | ||
| 500 | _aThe world of Series | ||
| 650 | _aArms | ||
| 650 | _aBronzes | ||
| 650 | _aGold | ||
| 650 | _aIron-work | ||
| 650 | _aJewel work | ||
| 650 | _aSilver | ||
| 942 | _cBK | ||
| 999 |
_c86461 _d86461 |
||